[Event "Konakovo Chervonny op"]
[Site "Konakovo"]
[Date "2014.09.21"]
[Round "9"]
[White "Kovalev, Aleksandr"]
[Black "Shukurov, Saodiddin"]
[Result "0-1"]
[WhiteElo "1850"]
[BlackElo "1687"]
[PlyCount "63"]
[EventDate "2014.09.17"]
[EventType "swiss"]
[EventRounds "9"]
[EventCountry "RUS"]
[SourceTitle "CBM 162 Extra"]
[Source "ChessBase"]
[SourceDate "2014.10.17"]
[SourceVersion "1"]
[SourceVersionDate "2014.10.17"]
[SourceQuality "1"]

1. e4 e6 2. e5 d6 3. Nf3 dxe5 4. Nxe5 Bd6 5. Nf3 Nf6 6. d4 h6 7. Bd3 b6 8. 0-0 Bb7 9. Be3 Nbd7 10. Nbd2 Ng4 11. h3 Nxe3 12. fxe3 Nf6 13. e4 Bf4 14. c3 Nh5 15. Nh2 Be3+ 16. Rf2 Bxf2+ 17. Kxf2 Qh4+ 18. Kg1 Nf4 19. Qf3 Nxd3 20. Qxd3 0-0 21. Rf1 Rad8 22. Qe3 c5 23. Rf4 cxd4 24. cxd4 Qe7 25. Rg4 g5 26. h4 f5 27. exf5 Rxf5 28. Nhf3 Bxf3 29. Nxf3 Rfd5 30. hxg5 hxg5 31. Nh4 Kf7 32. Nf3 0-1

[Event "Konakovo Rating 10th"]
[Site "Konakovo"]
[Date "2014.07.18"]
[Round "9"]
[White "Kovalev, Aleksandr"]
[Black "Shapkin, Anatoliy"]
[Result "1/2-1/2"]
[WhiteElo "1875"]
[BlackElo "2085"]
[PlyCount "84"]
[EventDate "2014.07.10"]
[EventType "tourn"]
[EventRounds "11"]
[EventCountry "RUS"]
[SourceTitle "EXT 2022"]
[Source "ChessBase"]
[SourceDate "2021.10.06"]
[SourceVersion "1"]
[SourceVersionDate "2021.10.06"]
[SourceQuality "1"]

1. e4 c5 2. c3 Nf6 3. e5 Nd5 4. Bc4 Nb6 5. Qb3 d5 6. exd6 Nxc4 7. Qxc4 Qxd6 8. Nf3 Nc6 9. 0-0 Be6 10. Qb5 Bd5 11. Qe2 e6 12. d3 Rd8 13. Ng5 h6 14. Ne4 Qd7 15. Be3 b6 16. Nbd2 Be7 17. Qg4 Kf8 18. Qh5 Kg8 19. a3 f5 20. c4 fxe4 21. dxe4 Bf6 22. exd5 exd5 23. cxd5 Qxd5 24. Qxd5+ Rxd5 25. Rab1 Kf7 26. Ne4 Bd4 27. Bxd4 Rxd4 28. f3 Rhd8 29. Kf2 Ne5 30. Ke2 Nc4 31. Rfc1 Ke6 32. Re1 a5 33. Kf2 Kf7 34. Re2 Nd2 35. Rbe1 Nb3 36. g4 c4 37. Kg3 R8d7 38. h4 b5 39. h5 b4 40. axb4 axb4 41. g5 g6 42. hxg6+ Kxg6 1/2-1/2

[Event "Konakovo Rating 8th"]
[Site "Konakovo"]
[Date "2013.07.18"]
[Round "9"]
[White "Kovalev, Aleksandr"]
[Black "Shapkin, Anatoliy"]
[Result "0-1"]
[WhiteElo "1954"]
[BlackElo "2067"]
[PlyCount "40"]
[EventDate "2013.07.06"]
[EventType "tourn"]
[EventRounds "11"]
[EventCountry "RUS"]
[SourceTitle "EXT 2014"]
[Source "ChessBase"]
[SourceDate "2013.11.20"]
[SourceVersion "1"]
[SourceVersionDate "2013.11.20"]
[SourceQuality "1"]

1. e4 c5 2. Nf3 d6 3. c3 Nf6 4. e5 dxe5 5. Nxe5 Nbd7 6. Nf3 e5 7. Bc4 e4 8. Qb3 Qe7 9. Ng1 Ne5 10. Qb5+ Nfd7 11. Bd5 Nd3+ 12. Kf1 Nxc1 13. Ne2 a6 14. Qc4 Nxe2 15. Kxe2 g6 16. Re1 Bg7 17. Kf1 0-0 18. Bxe4 Qd6 19. Na3 Nf6 20. Bf3 Bd7 0-1

[Event "Konakovo Rating 7th"]
[Site "Konakovo"]
[Date "2012.07.19"]
[Round "4"]
[White "Guseva, Antonina"]
[Black "Kovalev, Aleksandr"]
[Result "1/2-1/2"]
[WhiteElo "1595"]
[BlackElo "1975"]
[PlyCount "97"]
[EventDate "2012.07.18"]
[EventType "tourn"]
[EventRounds "13"]
[EventCountry "RUS"]
[SourceTitle "EXT 2014"]
[Source "ChessBase"]
[SourceDate "2013.11.20"]
[SourceVersion "1"]
[SourceVersionDate "2013.11.20"]
[SourceQuality "1"]

1. e4 e5 2. Nf3 Nc6 3. Bc4 d6 4. d3 Bg4 5. Nbd2 Nf6 6. b3 Ne7 7. Bb2 c6 8. 0-0 b5 9. Bxf7+ Kxf7 10. d4 Ng6 11. Re1 Be7 12. c4 b4 13. c5 Re8 14. dxe5 dxe5 15. Qc2 Nd7 16. Qc4+ Be6 17. Qxb4 Nxc5 18. Qc3 Nd3 19. Re3 Nxb2 20. Qxb2 Bf6 21. Qc2 Bd7 22. Nc4 Re6 23. Rd1 Qc7 24. Red3 Nf8 25. Nd6+ Kg8 26. h4 h6 27. g4 Rd8 28. Qc4 Kh7 29. Nf7 Rde8 30. g5 Be7 31. Rxd7 Nxd7 32. Qxe6 Nf8 33. Qf5+ g6 34. Qxe5 Qxe5 35. N3xe5 hxg5 36. hxg5 Kg7 37. f4 Ne6 38. f5 gxf5 39. exf5 Nxg5 40. f6+ Kxf6 41. Nxg5 Bc5+ 42. Kf1 Rxe5 43. Nf3 Re7 44. Nd2 Ke6 45. Nc4 Rf7+ 46. Ke1 Rf2 47. a3 Rh2 48. Rd2 Rxd2 49. Kxd2 1/2-1/2